Library administration : (Record no. 711)
| 000 -LEADER | |
|---|---|
| fixed length control field | 00717cam a22002294a 4500 |
| 001 - CONTROL NUMBER | |
| control field | 15469738 |
| 003 - CONTROL NUMBER IDENTIFIER | |
| control field | OSt |
| 005 - DATE AND TIME OF LATEST TRANSACTION | |
| control field | 20140116120836.0 |
| 008 - FIXED-LENGTH DATA ELEMENTS--GENERAL INFORMATION | |
| fixed length control field | 080930r20071984ii b 001 0 eng |
| 020 ## - INTERNATIONAL STANDARD BOOK NUMBER | |
| International Standard Book Number | 9788170005094 |
| 040 ## - CATALOGING SOURCE | |
| Transcribing agency | DLC |
| 050 00 - LIBRARY OF CONGRESS CALL NUMBER | |
| Classification number | Z678.8.M58 2007 |
| 100 1# - MAIN ENTRY--PERSONAL NAME | |
| Personal name | Mittal, R. L. |
| 245 10 - TITLE STATEMENT | |
| Title | Library administration : |
| Remainder of title | theory and practice / |
| Statement of responsibility, etc | R.L. Mittal |
| 260 ## - PUBLICATION, DISTRIBUTION, ETC. (IMPRINT) | |
| Place of publication, distribution, etc | New Delhi : |
| Name of publisher, distributor, etc | Ess Ess Publications , |
| Date of publication, distribution, etc | 2007. |
| 300 ## - PHYSICAL DESCRIPTION | |
| Extent | xxii, 840 p. |
| 504 ## - BIBLIOGRAPHY, ETC. NOTE | |
| Bibliography, etc | Includes bibliographical references and index. |
| 650 #0 - SUBJECT ADDED ENTRY--TOPICAL TERM | |
| Topical term or geographic name as entry element | Library administration |
| Geographic subdivision | India. |
| 650 #0 - SUBJECT ADDED ENTRY--TOPICAL TERM | |
| Topical term or geographic name as entry element | Library science |
| Geographic subdivision | India. |
| 856 41 - ELECTRONIC LOCATION AND ACCESS | |
| Materials specified | Table of contents only |
| Uniform Resource Identifier | <a href="http://www.loc.gov/catdir/toc/fy0904/2008429727.html">http://www.loc.gov/catdir/toc/fy0904/2008429727.html</a> |
| 942 ## - ADDED ENTRY ELEMENTS (KOHA) | |
| Source of classification or shelving scheme | |
| Koha item type | Book |
| Withdrawn status | Lost status | Source of classification or shelving scheme | Damaged status | Not for loan | Home library | Current library | Date acquired | Source of acquisition | Total Checkouts | Full call number | Barcode | Date last seen | Copy number | Price effective from | Koha item type | Total Renewals | Date checked out |
|---|---|---|---|---|---|---|---|---|---|---|---|---|---|---|---|---|---|
| Riara University Library | Riara University Library | 27/10/2011 | Purchase | Z678.5.M58 2007 | 2212/11 | 27/10/2011 | C.1 | 27/10/2011 | Book | ||||||||
| Riara University Library | Riara University Library | 27/10/2011 | Purchase | Z678.5.M58 2007 | 2211/11 | 27/10/2011 | C.2 | 27/10/2011 | Book | ||||||||
| Riara University Library | Riara University Library | 27/10/2011 | Purchase | 2 | Z678.5.M58 2007 | 2383/11 | 15/01/2014 | C.3 | 27/10/2011 | Book | 1 | 14/01/2014 |
